Hệ thống văn bản pháp luật về tiền lương, bảo hiểm xã hội và quyền lợi người lao động : ( Những văn bản mới nhất)

Trình bày hệ thống hóa văn bản pháp luật về tiền lương bảo hiểm xã hội và quyền lợi Người Lao Động (Những Văn Bản Mới Nhất) bao gồm những văn bản pháp luật về: Tiền lương, bảo hiểm xã hội, lao động, kỷ luật lao động, thời gio...

وصف كامل

محفوظ في:
التفاصيل البيبلوغرافية
المؤلف الرئيسي: Huỳnh, Văn Hoài
التنسيق: كتاب
اللغة:Undetermined
منشور في: Hà Nội Thống Kê 2003
الموضوعات:
الوسوم: إضافة وسم
لا توجد وسوم, كن أول من يضع وسما على هذه التسجيلة!
Thư viện lưu trữ: Trung tâm Học liệu Trường Đại học Cần Thơ
LEADER 01193nam a2200229Ia 4500
001 CTU_91038
008 210402s9999 xx 000 0 und d
020 |c 90000 
082 |a 344.01 
082 |b H250 
100 |a Huỳnh, Văn Hoài 
245 0 |a Hệ thống văn bản pháp luật về tiền lương, bảo hiểm xã hội và quyền lợi người lao động : 
245 0 |b ( Những văn bản mới nhất) 
245 0 |c Huỳnh Văn Hoài 
260 |a Hà Nội 
260 |b Thống Kê 
260 |c 2003 
520 |a Trình bày hệ thống hóa văn bản pháp luật về tiền lương bảo hiểm xã hội và quyền lợi Người Lao Động (Những Văn Bản Mới Nhất) bao gồm những văn bản pháp luật về: Tiền lương, bảo hiểm xã hội, lao động, kỷ luật lao động, thời giờ làm việc,... 
650 |a Labor laws and legislation,Social insurance laws,Social service laws 
650 |z Vietnam,Vietnam,Vietnam 
904 |i Năm 
980 |a Trung tâm Học liệu Trường Đại học Cần Thơ